000
002500000a22000970004500
100
1
_a
Salem, Luis D.
245
1
0
_a
La Biblia en nuestros lares
300
_a
Vol. 56, Núm 252 (2001), Páginas 12-13
773
0
_t
La Biblia de las Américas
942
_c
ANA
999
_c
51611
_d
51611